000 00307nam a2200121Ia 4500
008 220217s9999||||xx |||||||||||||| ||und||
082 _a374.4 PAN
100 _aPanangad,Gopainath
_94168
245 0 _astudy online
260 _aprojectvission
_bKerala
_c2005
300 _b300
650 _aGENERAL BOOKS
999 _c173660
_d173660